[Event "Braunschweig"]
[Site "Braunschweig"]
[Date "2025.07.10"]
[Round "5"]
[White "Petrovskiy, Vadim"]
[Black "Nechitailo, Nikita"]
[Result "0-1"]
[WhiteElo "2443"]
[BlackElo "2239"]
[PlyCount "76"]
[EventDate "2025.07.07"]
[EventType "tourn"]
[EventRounds "9"]
[EventCountry "GER"]
[EventCategory "3"]
[SourceTitle "CB29_2025"]
[SourceDate "2025.07.16"]
[SourceVersion "1"]
[SourceVersionDate "2025.07.16"]
[SourceQuality "1"]

1. e4 c5 2. Nf3 d6 3. d4 cxd4 4. Nxd4 Nf6 5. Nc3 Nc6 6. Bc4 e6 7. Be3 a6 8. Bb3 Be7 9. Qe2 0-0 10. 0-0-0 Nxd4 11. Bxd4 b5 12. e5 dxe5 13. Bxe5 Qb6 14. Ne4 Nxe4 15. Qxe4 Bg5+ 16. Kb1 Bb7 17. Qg4 Bh6 18. f4 a5 19. Rd7 Be4 20. Qe2 Bc6 21. Rd6 Rad8 22. Rxd8 Rxd8 23. c3 Qb7 24. Rg1 Be4+ 25. Ka1 a4 26. Rd1 Rxd1+ 27. Qxd1 Qa8 28. Bc2 Bxc2 29. Qxc2 f6 30. Bc7 Qc6 31. Ba5 Bxf4 32. h3 e5 33. b3 e4 34. g4 e3 35. c4 Be5+ 36. Kb1 Qh1+ 37. Qc1 Qe4+ 38. Qc2 Qd4 0-1

[Event "Braunschweig"]
[Site "Braunschweig"]
[Date "2025.07.09"]
[Round "3"]
[White "Medhus, Vitus Bondo"]
[Black "Nechitailo, Nikita"]
[Result "1/2-1/2"]
[WhiteElo "2326"]
[BlackElo "2239"]
[PlyCount "168"]
[EventDate "2025.07.07"]
[EventType "tourn"]
[EventRounds "9"]
[EventCountry "GER"]
[EventCategory "3"]
[SourceTitle "CB29_2025"]
[SourceDate "2025.07.16"]
[SourceVersion "1"]
[SourceVersionDate "2025.07.16"]
[SourceQuality "1"]

1. e4 c5 2. Nc3 Nc6 3. Bb5 Nd4 4. Nf3 a6 5. Bd3 g6 6. Nxd4 cxd4 7. Ne2 Bg7 8. c3 e5 9. cxd4 exd4 10. 0-0 Ne7 11. f4 d5 12. e5 0-0 13. b3 f6 14. exf6 Bxf6 15. Ng3 Nc6 16. Ba3 Rf7 17. Qe2 Bd7 18. Rac1 Qa5 19. Bc5 Re8 20. Qd1 Kg7 21. Nh5+ gxh5 22. Qxh5 Ne7 23. Qxh7+ Kf8 24. Qh5 Kg8 25. b4 Qxa2 26. Rf3 Rg7 27. Rg3 Rxg3 28. hxg3 Qxd2 29. Rd1 Qe3+ 30. Kh2 Qe6 31. Qh7+ Kf8 32. Bg6 Qg8 33. Qxg8+ Kxg8 34. Bxe8 Bxe8 35. g4 Ba4 36. Rd2 Nc6 37. g5 Bd8 38. Kh3 Bc7 39. Kg4 b6 40. Bxd4 Nxd4 41. Rxd4 Bb3 42. f5 a5 43. bxa5 bxa5 44. f6 Kf7 45. Rd3 a4 46. Rc3 Be5 47. Re3 Bd6 48. Kh5 d4 49. Rd3 Be5 50. Kh6 Bc2 51. Rd2 Be4 52. Ra2 d3 53. Rxa4 d2 54. Ra7+ Ke6 55. Re7+ Kd6 56. Re8 Kd7 57. Rxe5 d1Q 58. Rxe4 Qh1+ 59. Kg7 Qxg2 60. Re7+ Kd6 61. g6 Qb2 62. Kf7 Qb3+ 63. Kf8 Qc3 64. Kg7 Qd4 65. Re1 Qc3 66. Re8 Kd7 67. Rf8 Ke6 68. Kg8 Kf5 69. g7 Kg6 70. Rd8 Qxf6 71. Rd7 Kh6 72. Kh8 Qe5 73. Re7 Qf6 74. Rd7 Qe5 75. Re7 Qd6 76. g8N+ Kg6 77. Rg7+ Kf5 78. Rf7+ Ke5 79. Rf6 Qc7 80. Rh6 Kf5 81. Rf6+ Kg5 82. Rh6 Qf7 83. Rf6 Qxg8+ 84. Kxg8 Kxf6 1/2-1/2

[Event "Apelnstedt op"]
[Site "Apelnstedt"]
[Date "2025.06.29"]
[Round "8"]
[White "Nechitailo, Nikita"]
[Black "Wetterau, Nathanael"]
[Result "1-0"]
[WhiteElo "2276"]
[BlackElo "1858"]
[PlyCount "61"]
[EventDate "2025.06.29"]
[EventType "swiss"]
[EventRounds "9"]
[EventCountry "GER"]
[SourceTitle "CB27_2025"]
[SourceDate "2025.07.02"]
[SourceVersion "1"]
[SourceVersionDate "2025.07.02"]
[SourceQuality "1"]

1. d4 Nf6 2. c4 a6 3. Nc3 c5 4. d5 b5 5. cxb5 axb5 6. Nxb5 e6 7. Nc3 exd5 8. Nxd5 Nxd5 9. Qxd5 Nc6 10. Nf3 Be7 11. e4 0-0 12. Bc4 Ba6 13. Bd2 Bf6 14. Qxc5 Bxb2 15. Rb1 Ba3 16. Qd5 Bxc4 17. Qxc4 Qe7 18. 0-0 Rfc8 19. Bg5 Qe8 20. Rfd1 h6 21. Bf4 Ne5 22. Qd5 Nxf3+ 23. gxf3 Qe6 24. Qxd7 Qxa2 25. Ra1 Qb3 26. Qg4 Rc6 27. Bd6 Rd8 28. e5 Bxd6 29. Qe4 Qc4 30. Rxd6 Rcxd6 31. Qxc4 1-0

[Event "Apelnstedt op"]
[Site "Apelnstedt"]
[Date "2025.06.29"]
[Round "4"]
[White "Oppitz, Peter"]
[Black "Nechitailo, Nikita"]
[Result "0-1"]
[WhiteElo "2012"]
[BlackElo "2276"]
[PlyCount "76"]
[EventDate "2025.06.29"]
[EventType "swiss"]
[EventRounds "9"]
[EventCountry "GER"]
[SourceTitle "CB27_2025"]
[SourceDate "2025.07.02"]
[SourceVersion "1"]
[SourceVersionDate "2025.07.02"]
[SourceQuality "1"]

1. e4 c5 2. Nf3 Nc6 3. d4 cxd4 4. Nxd4 e5 5. Nb5 d6 6. N1c3 a6 7. Na3 Be6 8. Nc4 b5 9. Ne3 Nf6 10. Bd3 g6 11. 0-0 Bg7 12. Ncd5 0-0 13. a4 b4 14. Nxf6+ Bxf6 15. Nd5 Bxd5 16. exd5 Ne7 17. Bh6 Bg7 18. Bxg7 Kxg7 19. Be2 Qc7 20. Qd2 Qc5 21. Rad1 Rfc8 22. Rc1 f5 23. c4 bxc3 24. Rxc3 Qa5 25. Rd1 Qxa4 26. Ra3 Qc2 27. Qxc2 Rxc2 28. Rxa6 Rxa6 29. Bxa6 Rxb2 30. g3 Kf6 31. Bc4 e4 32. Ra1 Rb4 33. Bf1 Nxd5 34. Ra6 Rb6 35. Ra7 Ne7 36. h4 h5 37. Kg2 d5 38. Ra4 Rd6 0-1

[Event "GER-ch Rapid 51st"]
[Site "Neuwied"]
[Date "2025.06.15"]
[Round "6"]
[White "Ehmann, Thilo"]
[Black "Nechitailo, Nikita"]
[Result "1/2-1/2"]
[WhiteElo "2346"]
[BlackElo "2261"]
[PlyCount "154"]
[EventDate "2025.06.14"]
[EventType "swiss (rapid)"]
[EventRounds "9"]
[EventCountry "GER"]
[SourceTitle "CB25_2025"]
[SourceDate "2025.06.18"]
[SourceVersion "1"]
[SourceVersionDate "2025.06.18"]
[SourceQuality "1"]

1. e4 c5 2. Nf3 Nc6 3. d4 cxd4 4. Nxd4 e5 5. Nb5 d6 6. N1c3 a6 7. Na3 Be6 8. Nc4 b5 9. Ne3 Nf6 10. Bd3 g6 11. Ned5 Bxd5 12. exd5 Nd4 13. 0-0 Bg7 14. Ne2 Nxe2+ 15. Bxe2 0-0 16. a4 b4 17. a5 Qc7 18. Bd2 Qc5 19. Be3 Qxd5 20. Bf3 e4 21. Be2 Rfc8 22. Bd4 Qc6 23. c3 bxc3 24. bxc3 Nd5 25. Bxg7 Kxg7 26. c4 Nf4 27. Bg4 f5 28. Qd4+ Kg8 29. Bd1 Qc5 30. Qd2 Nd3 31. Ba4 Rcb8 32. Bd7 Rb2 33. Be6+ Kg7 34. Qc3+ Qe5 35. Qxe5+ Nxe5 36. Rfb1 Rab8 37. Rxb2 Rxb2 38. Bc8 Nxc4 39. Bxa6 Nd2 40. h4 f4 41. Bc8 Nb3 42. Ra3 e3 43. fxe3 fxe3 44. Bg4 h5 45. Bf3 Nd4 46. Rxe3 Ra2 47. Rd3 Nxf3+ 48. gxf3 Rxa5 49. Kg2 d5 50. Rb3 Kf6 51. Rb6+ Kf5 52. Kg3 Ra1 53. Rd6 Rd1 54. Kf2 Rd4 55. Ke3 Rxh4 56. Rxd5+ Ke6 57. Ra5 Rb4 58. f4 Rb3+ 59. Kf2 Rd3 60. Rg5 Kf6 61. Kg2 Rc3 62. Ra5 Kg7 63. Rb5 Kh6 64. Ra5 h4 65. Rb5 Rg3+ 66. Kf2 Kg7 67. Rg5 Rxg5 68. fxg5 Kf7 69. Kf3 Ke6 70. Kg4 h3 71. Kxh3 Kf5 72. Kh4 Kf4 73. Kh3 Kxg5 74. Kg3 Kf5 75. Kf3 Kg5 76. Kg3 Kf5 77. Kf3 Kg5 1/2-1/2

[Event "GER-ch Rapid 51st"]
[Site "Neuwied"]
[Date "2025.06.15"]
[Round "8"]
[White "Khachatryan, Taron"]
[Black "Nechitailo, Nikita"]
[Result "1-0"]
[WhiteElo "2262"]
[BlackElo "2261"]
[PlyCount "81"]
[EventDate "2025.06.14"]
[EventType "swiss (rapid)"]
[EventRounds "9"]
[EventCountry "GER"]
[SourceTitle "CB25_2025"]
[SourceDate "2025.06.18"]
[SourceVersion "1"]
[SourceVersionDate "2025.06.18"]
[SourceQuality "1"]

1. d4 Nf6 2. c4 e6 3. Nf3 c5 4. Nc3 cxd4 5. Nxd4 Nc6 6. Bf4 d5 7. Ndb5 e5 8. cxd5 exf4 9. dxc6 bxc6 10. Qxd8+ Kxd8 11. Rd1+ Bd7 12. Nd6 Kc7 13. Nxf7 Rg8 14. Ne5 Rb8 15. Nd3 c5 16. b3 Bd6 17. g3 Bc6 18. Rg1 f3 19. exf3 Bxf3 20. Be2 Rge8 21. Kf1 Bc6 22. Nf4 Re5 23. Nd3 Re7 24. Nf4 Bxf4 25. gxf4 Rb4 26. Bc4 Bd7 27. Rg5 Kc6 28. Re5 Bh3+ 29. Ke2 Rc7 30. Nd5 Nxd5 31. Rdxd5 Kb6 32. a3 Rxc4 33. bxc4 g6 34. Rd3 Bf5 35. Rb3+ Ka5 36. Rb5+ Ka4 37. Rbxc5 Rd7 38. Red5 Re7+ 39. Kd2 Kxa3 40. Kc3 Bd7 41. Rxd7 1-0

[Event "GER-ch Rapid 51st"]
[Site "Neuwied"]
[Date "2025.06.14"]
[Round "4"]
[White "Grafl, Florian"]
[Black "Nechitailo, Nikita"]
[Result "0-1"]
[WhiteElo "2343"]
[BlackElo "2261"]
[PlyCount "86"]
[EventDate "2025.06.14"]
[EventType "swiss (rapid)"]
[EventRounds "9"]
[EventCountry "GER"]
[SourceTitle "CB25_2025"]
[SourceDate "2025.06.18"]
[SourceVersion "1"]
[SourceVersionDate "2025.06.18"]
[SourceQuality "1"]

1. f4 d5 2. Nf3 Nf6 3. g3 g6 4. Bg2 Bg7 5. 0-0 0-0 6. d3 d4 7. c3 c5 8. e4 dxe3 9. Bxe3 Bf5 10. Ne5 Nbd7 11. Bxb7 Nxe5 12. fxe5 Ng4 13. Bxc5 Qc7 14. Bxa8 Qxc5+ 15. d4 Qb6 16. Bf3 Nxe5 17. Bg2 Qxb2 18. Qb3 Qxa1 19. Nd2 Qxf1+ 20. Nxf1 Nd7 21. Ne3 Rb8 22. Qa3 Rb1+ 23. Kf2 Nf6 24. h3 Ne4+ 25. Kf3 Ng5+ 26. Ke2 Be4 27. Bxe4 Nxe4 28. Qxa7 Nxc3+ 29. Kd3 Nb5 30. Qb8+ Bf8 31. a4 Rb3+ 32. Kc4 Rc3+ 33. Kb4 e6+ 34. Ka5 Nxd4 35. Qb6 Rc5+ 36. Ka6 Rc6 37. a5 Bc5 38. g4 Bxb6 39. axb6 f5 40. Ka7 f4 41. b7 Nb5+ 42. Ka8 Ra6+ 43. Kb8 fxe3 0-1

[Event "GER-ch Rapid 51st"]
[Site "Neuwied"]
[Date "2025.06.14"]
[Round "1"]
[White "Nechitailo, Nikita"]
[Black "Lauer, Marius"]
[Result "1/2-1/2"]
[WhiteElo "2261"]
[BlackElo "2144"]
[PlyCount "127"]
[EventDate "2025.06.14"]
[EventType "swiss (rapid)"]
[EventRounds "9"]
[EventCountry "GER"]
[SourceTitle "CB25_2025"]
[SourceDate "2025.06.18"]
[SourceVersion "1"]
[SourceVersionDate "2025.06.18"]
[SourceQuality "1"]

1. d4 d6 2. e4 Nf6 3. Nc3 e5 4. d5 Be7 5. Be2 0-0 6. Be3 c6 7. Bf3 cxd5 8. Nxd5 Nxd5 9. Qxd5 Nc6 10. Ne2 Be6 11. Qd2 Qa5 12. Nc3 Nd4 13. Bxd4 exd4 14. Nd5 Qxd2+ 15. Kxd2 Bxd5 16. exd5 Bf6 17. Kd3 Rfe8 18. Rhe1 Kf8 19. Be4 Re7 20. Re2 Rae8 21. Rae1 g6 22. f4 h6 23. a4 Bg7 24. g4 Bf6 25. Rf1 Kg7 26. Rf3 Rc7 27. Ref2 Rce7 28. Re2 Rc7 29. Rf1 Rce7 30. Rh1 Kf8 31. h4 Bg7 32. Rhe1 Bf6 33. g5 Bg7 34. Rg1 h5 35. Rgg2 Bh8 36. Rgf2 f5 37. gxf6 Bxf6 38. Bxg6 Rxe2 39. Rxe2 Rxe2 40. Kxe2 Bxh4 41. Bxh5 Ke7 42. Kd3 Bf2 43. Bg4 Be3 44. Ke4 Bc1 45. b3 Bb2 46. Bc8 b6 47. Kd3 Bc1 48. f5 Bb2 49. Be6 Bc3 50. Kc4 Kf6 51. Kb5 a5 52. Kxb6 d3 53. cxd3 Bb4 54. Kb5 Ke7 55. Kc6 Bc5 56. Kc7 Bb4 57. Kb6 Kf6 58. d4 Ke7 59. Kb5 Kf6 60. Kc6 Ke7 61. Kc7 Ba3 62. Kb7 Bb4 63. Kc6 Ba3 64. Kb5 1/2-1/2

[Event "Norway Chess op-A"]
[Site "Stavanger"]
[Date "2025.05.27"]
[Round "1"]
[White "Srikant Koduri, Advaitt"]
[Black "Nechitailo, Nikita"]
[Result "1-0"]
[WhiteElo "1988"]
[BlackElo "2261"]
[PlyCount "109"]
[EventDate "2025.05.27"]
[EventType "swiss"]
[EventRounds "9"]
[EventCountry "NOR"]
[SourceTitle "CB23_2025"]
[SourceDate "2025.06.04"]
[SourceVersion "1"]
[SourceVersionDate "2025.06.04"]
[SourceQuality "1"]

1. d4 Nf6 2. Nf3 d5 3. Bf4 c5 4. c3 Nc6 5. e3 Qb6 6. Qc2 g6 7. Nbd2 Bg7 8. h3 0-0 9. Be2 cxd4 10. exd4 Nh5 11. Bh2 Bh6 12. g4 Nf4 13. g5 Nxe2 14. gxh6 Bf5 15. Qb3 Nexd4 16. Nxd4 Nxd4 17. cxd4 Qxd4 18. Qc3 Qxc3 19. bxc3 Rac8 20. Rc1 d4 21. c4 Bd3 22. Nb3 Rxc4 23. Kd2 Rxc1 24. Rxc1 Be4 25. Re1 f5 26. f3 Bxf3 27. Rxe7 Rf7 28. Re8+ Rf8 29. Re7 Rf7 30. Re8+ Rf8 31. Rxf8+ Kxf8 32. Nxd4 Bd5 33. a3 Ke7 34. h4 Kd7 35. Bf4 a5 36. Kd3 b6 37. Be5 Bg2 38. Kc4 Bf1+ 39. Kc3 Ba6 40. Nf3 Ke6 41. Kd4 f4 42. Ng5+ Kf5 43. Nxh7 f3 44. Bg3 Kg4 45. Bf2 Kh5 46. Be3 g5 47. hxg5 Bc8 48. Nf8 Bf5 49. h7 Bxh7 50. Nxh7 f2 51. Bxf2 Kg6 52. Nf6 Kxg5 53. Nd5 b5 54. Kc5 b4 55. Nxb4 1-0

[Event "Lienz op 22nd"]
[Site "Lienz"]
[Date "2025.02.15"]
[Round "9"]
[White "Frescura, Davide"]
[Black "Nechitailo, Nikita"]
[Result "0-1"]
[WhiteElo "1996"]
[BlackElo "2301"]
[PlyCount "68"]
[EventDate "2025.02.08"]
[EventType "swiss"]
[EventRounds "9"]
[EventCountry "AUT"]
[SourceTitle "CB08_2025"]
[SourceDate "2025.02.19"]
[SourceVersion "1"]
[SourceVersionDate "2025.02.19"]
[SourceQuality "1"]

1. Nf3 c5 2. g3 d5 3. Bg2 Nc6 4. d4 Nf6 5. 0-0 Bf5 6. c4 dxc4 7. Qa4 e6 8. Rd1 Qa5 9. Qxa5 Nxa5 10. Nc3 Be7 11. dxc5 0-0 12. Nh4 Bxc5 13. Nxf5 exf5 14. Na4 Bb4 15. Be3 Rfd8 16. Rac1 h6 17. h3 Kh7 18. Nc5 Bxc5 19. Bxc5 Ne4 20. Be3 b5 21. g4 g6 22. Kf1 c3 23. Bxe4 fxe4 24. Rxd8 Rxd8 25. Rxc3 Nc4 26. Bxa7 Rd1+ 27. Kg2 Rd2 28. b3 Ne5 29. Rc7 Rxe2 30. Bd4 Nf3 31. Bf6 g5 32. a4 Re1 33. h4 Rg1+ 34. Kh3 h5 0-1

[Event "Lienz op 22nd"]
[Site "Lienz"]
[Date "2025.02.13"]
[Round "7"]
[White "Nechitailo, Nikita"]
[Black "Mierins, Emils Janis"]
[Result "1/2-1/2"]
[WhiteElo "2301"]
[BlackElo "2229"]
[PlyCount "134"]
[EventDate "2025.02.08"]
[EventType "swiss"]
[EventRounds "9"]
[EventCountry "AUT"]
[SourceTitle "CB08_2025"]
[SourceDate "2025.02.19"]
[SourceVersion "1"]
[SourceVersionDate "2025.02.19"]
[SourceQuality "1"]

1. d4 Nf6 2. c4 e6 3. Nc3 Bb4 4. e3 0-0 5. Bd2 d5 6. Nf3 Re8 7. Bd3 Nbd7 8. 0-0 b6 9. Nxd5 exd5 10. Bxb4 Bb7 11. cxd5 Nxd5 12. Bc3 c5 13. Qc2 Nxc3 14. bxc3 Bxf3 15. gxf3 Qg5+ 16. Kh1 Qh5 17. Be4 Rac8 18. Rg1 cxd4 19. exd4 Nf6 20. Rg3 Qh4 21. Bf5 Rc7 22. Rh3 Qf4 23. Bxh7+ Kf8 24. Bd3 g6 25. Rg1 Rec8 26. c4 b5 27. c5 Qxd4 28. Bxg6 Rxc5 29. Rh8+ Ng8 30. Rxg8+ Kxg8 31. Bxf7+ Kf8 32. Qh7 Rc1 33. Qh6+ Kxf7 34. Rxc1 Rxc1+ 35. Qxc1 Qxf2 36. Qf4+ Kg7 37. Qg5+ Kh8 38. Qh6+ Kg8 39. Qg6+ Kh8 40. Qh6+ Kg8 41. Qg6+ Kh8 42. Qe8+ Kg7 43. Qd7+ Kf8 44. Qf5+ Kg8 45. Qg4+ Kf8 46. h4 Qxa2 47. Qb4+ Kg7 48. Qxb5 a5 49. Qg5+ Kh7 50. Qf5+ Kg7 51. h5 Qa1+ 52. Kg2 a4 53. f4 a3 54. Qg6+ Kh8 55. Qe8+ Kh7 56. Qe4+ Kh8 57. Qe8+ Kh7 58. Qe4+ Kh8 59. f5 a2 60. Qe8+ Kh7 61. Qg6+ Kh8 62. Qh6+ Kg8 63. Qe6+ Kh7 64. Qg6+ Kh8 65. Qh6+ Kg8 66. Qe6+ Kh7 67. Qg6+ Kh8 1/2-1/2

[Event "Lienz op 22nd"]
[Site "Lienz"]
[Date "2025.02.10"]
[Round "4"]
[White "Nechitailo, Nikita"]
[Black "Petrenko, Maryna"]
[Result "1-0"]
[WhiteElo "2301"]
[BlackElo "2153"]
[PlyCount "99"]
[EventDate "2025.02.08"]
[EventType "swiss"]
[EventRounds "9"]
[EventCountry "AUT"]
[SourceTitle "CB08_2025"]
[SourceDate "2025.02.19"]
[SourceVersion "1"]
[SourceVersionDate "2025.02.19"]
[SourceQuality "1"]

1. d4 d5 2. c4 e6 3. Nc3 c6 4. e4 dxe4 5. Nxe4 Bb4+ 6. Bd2 Qxd4 7. Bxb4 Qxe4+ 8. Ne2 Nd7 9. Qd6 c5 10. Bxc5 Nxc5 11. Qxc5 Bd7 12. f3 Qc2 13. Qb4 Rb8 14. Nc3 a5 15. Qxa5 Ne7 16. Qa3 0-0 17. Rd1 Nf5 18. Rxd7 Rbd8 19. Rxd8 Rxd8 20. Ne2 Qd2+ 21. Kf2 Rd3 22. Qa8+ Rd8 23. Qa7 h5 24. g3 Rd4 25. Qb8+ Kh7 26. Qe5 Rxc4 27. Bh3 Nd4 28. Qe3 Qxe2+ 29. Qxe2 Nxe2 30. Kxe2 Rc2+ 31. Ke3 Rxb2 32. Ra1 Rxh2 33. Bf1 Rb2 34. a4 Rb4 35. Bb5 Rb3+ 36. Bd3+ f5 37. Kd4 g5 38. Rb1 Ra3 39. Rxb7+ Kh6 40. Rb6 Rxa4+ 41. Ke5 h4 42. Rxe6+ Kh5 43. g4+ fxg4 44. Bg6+ Kh6 45. Be8+ Kg7 46. Bxa4 g3 47. Re7+ Kh6 48. Bc2 g4 49. Rh7+ Kg5 50. f4# 1-0

[Event "Lienz op 22nd"]
[Site "Lienz"]
[Date "2025.02.09"]
[Round "2"]
[White "Nechitailo, Nikita"]
[Black "Huber, Johannes"]
[Result "1-0"]
[WhiteElo "2301"]
[BlackElo "1945"]
[PlyCount "69"]
[EventDate "2025.02.08"]
[EventType "swiss"]
[EventRounds "9"]
[EventCountry "AUT"]
[SourceTitle "CB08_2025"]
[SourceDate "2025.02.19"]
[SourceVersion "1"]
[SourceVersionDate "2025.02.19"]
[SourceQuality "1"]

1. e4 c6 2. d4 d5 3. exd5 cxd5 4. c4 e6 5. Nc3 Nc6 6. c5 Bd7 7. Nf3 b6 8. cxb6 Qxb6 9. Be2 g6 10. 0-0 Bg7 11. Na4 Qd8 12. Nc5 Rc8 13. Bf4 Nxd4 14. Nb7 Nxe2+ 15. Qxe2 Qb6 16. Nd6+ Kf8 17. Ne5 Bxe5 18. Qxe5 f6 19. Nxc8 Bxc8 20. Qd6+ Ne7 21. Rfc1 Kf7 22. Rc7 Re8 23. Qxb6 axb6 24. Bd6 Ba6 25. Ra7 Bd3 26. Rc1 e5 27. Rcc7 Ke6 28. Rxe7+ Rxe7 29. Bxe7 d4 30. Bb4 g5 31. Rb7 b5 32. Rb6+ Kf7 33. f3 Bc4 34. b3 Bd3 35. a4 1-0

[Event "Lower Saxony-ch"]
[Site "Verden an der Aller"]
[Date "2025.01.04"]
[Round "5"]
[White "Nechitailo, Nikita"]
[Black "Knuedel, Torben"]
[Result "1/2-1/2"]
[WhiteElo "2239"]
[BlackElo "2303"]
[PlyCount "34"]
[EventDate "2025.01.02"]
[EventType "swiss"]
[EventRounds "7"]
[EventCountry "GER"]
[SourceTitle "CB02_2025"]
[SourceDate "2025.01.08"]
[SourceVersion "1"]
[SourceVersionDate "2025.01.08"]
[SourceQuality "1"]

1. d4 Nf6 2. Nf3 d5 3. e3 g6 4. Be2 Bg7 5. b3 0-0 6. 0-0 a5 7. Bb2 c6 8. c4 Bf5 9. Nc3 Ne4 10. Nxe4 Bxe4 11. Nd2 Bf5 12. Bf3 e5 13. dxe5 Nd7 14. e4 dxe4 15. Bxe4 Bxe4 16. Nxe4 Nxe5 17. Qc2 Qd3 1/2-1/2

[Event "Lower Saxony-ch"]
[Site "Verden an der Aller"]
[Date "2025.01.03"]
[Round "4"]
[White "Voege, Tobias"]
[Black "Nechitailo, Nikita"]
[Result "1/2-1/2"]
[WhiteElo "2301"]
[BlackElo "2239"]
[PlyCount "51"]
[EventDate "2025.01.02"]
[EventType "swiss"]
[EventRounds "7"]
[EventCountry "GER"]
[SourceTitle "CB02_2025"]
[SourceDate "2025.01.08"]
[SourceVersion "1"]
[SourceVersionDate "2025.01.08"]
[SourceQuality "1"]

1. d4 Nf6 2. c4 e6 3. Nf3 Bb4+ 4. Bd2 Be7 5. Nc3 d5 6. cxd5 exd5 7. Qc2 c6 8. Bg5 g6 9. e3 Bf5 10. Bd3 Bxd3 11. Qxd3 0-0 12. 0-0-0 Ne4 13. Bxe7 Qxe7 14. Rhf1 a5 15. Nd2 Nxd2 16. Rxd2 b5 17. f3 Nd7 18. e4 b4 19. Na4 Rfe8 20. e5 c5 21. Nxc5 Rac8 22. f4 Nxc5 23. dxc5 Rxc5+ 24. Rc2 Rec8 25. Rxc5 Qxc5+ 26. Kb1 1/2-1/2

[Event "Wolfsberg NSV 100 Ann"]
[Site "Wolfsberg"]
[Date "2024.11.17"]
[Round "3"]
[White "Nechitailo, Nikita"]
[Black "Besou, Hussain"]
[Result "0-1"]
[WhiteElo "2220"]
[BlackElo "2349"]
[PlyCount "114"]
[EventDate "2024.11.16"]
[EventType "swiss"]
[EventRounds "9"]
[EventCountry "AUT"]
[SourceTitle "CB48_2024"]
[SourceDate "2024.11.28"]
[SourceVersion "1"]
[SourceVersionDate "2024.11.28"]
[SourceQuality "1"]

1. e4 c5 2. Nf3 d6 3. Bb5+ Nd7 4. d4 cxd4 5. Nxd4 Ngf6 6. Bd3 g6 7. c4 Bg7 8. Nc3 0-0 9. 0-0 Nc5 10. h3 Bd7 11. Be3 a5 12. b3 b6 13. Rc1 Qc7 14. Re1 Qb7 15. f3 Rfe8 16. Qd2 Rac8 17. Bf1 Nh5 18. g4 Nf6 19. Bf2 Ne6 20. Bg2 Nxd4 21. Bxd4 Bc6 22. Nd5 Nd7 23. Bxg7 Kxg7 24. f4 e6 25. Qb2+ Kg8 26. Nf6+ Nxf6 27. Qxf6 b5 28. cxb5 Qb6+ 29. Kh2 Bxb5 30. h4 Rc5 31. Qd4 e5 32. fxe5 Qd8 33. g5 Rcxe5 34. a4 Ba6 35. Rc6 Bb7 36. Rxd6 Qb8 37. Kh1 Qc8 38. Qd3 Qg4 39. Qh3 Qxh3+ 40. Bxh3 Rxe4 41. Rxe4 Rxe4 42. Kh2 Rxh4 43. Rd8+ Kg7 44. Rb8 Bd5 45. Kg3 Rh5 46. Rb5 Rxg5+ 47. Kf4 h6 48. Rxa5 Bxb3 49. Ra8 Rg1 50. Bd7 g5+ 51. Ke3 Bd5 52. Ra5 Bh1 53. Ra7 Re1+ 54. Kd4 Re7 55. Kc5 g4 56. Kd6 g3 57. Rc7 Re1 0-1

[Event "Wolfsberg NSV 100 Ann"]
[Site "Wolfsberg"]
[Date "2024.11.16"]
[Round "1"]
[White "Nechitailo, Nikita"]
[Black "Abel, Dennes"]
[Result "0-1"]
[WhiteElo "2220"]
[BlackElo "2396"]
[PlyCount "88"]
[EventDate "2024.11.16"]
[EventType "swiss"]
[EventRounds "9"]
[EventCountry "AUT"]
[SourceTitle "CB48_2024"]
[SourceDate "2024.11.28"]
[SourceVersion "1"]
[SourceVersionDate "2024.11.28"]
[SourceQuality "1"]

1. d4 Nf6 2. c4 g6 3. f3 Bg7 4. e4 d6 5. Nc3 0-0 6. Nge2 a6 7. Be3 b5 8. cxb5 axb5 9. Nxb5 c6 10. Nbc3 Nbd7 11. Nf4 e5 12. dxe5 Nxe5 13. Be2 Rb8 14. Qc2 Qa5 15. 0-0 g5 16. Nd3 Nc4 17. Bf2 Re8 18. Nd1 d5 19. Nc5 Ne5 20. h4 g4 21. f4 Ng6 22. Be1 Qc7 23. e5 Nxf4 24. Rxf4 Qxe5 25. Bg3 Qxe2 26. Qxe2 Rxe2 27. Rxf6 Bxf6 28. Bxb8 Bd4+ 29. Kf1 Rc2 30. Bd6 Bxc5 31. Bxc5 Rxc5 32. Nc3 d4 33. Ne4 Rc2 34. Rd1 f5 35. Nd6 Ba6+ 36. Kg1 c5 37. Nxf5 Rxb2 38. Rc1 g3 39. Nxg3 c4 40. Ne4 Rxa2 41. Nc5 d3 42. Nxa6 Rxa6 43. Kf2 d2 44. Rg1 Re6 0-1

[Event "Leer op"]
[Site "Leer"]
[Date "2024.11.01"]
[Round "4"]
[White "Meiwes, Thore"]
[Black "Nechitailo, Nikita"]
[Result "0-1"]
[WhiteElo "2112"]
[BlackElo "2220"]
[PlyCount "104"]
[EventDate "2024.10.31"]
[EventType "swiss"]
[EventRounds "7"]
[EventCountry "GER"]
[SourceTitle "CB45_2024"]
[Source "ChessBase"]
[SourceDate "2024.11.06"]
[SourceVersion "1"]
[SourceVersionDate "2024.11.06"]
[SourceQuality "1"]

1. d4 Nf6 2. Nf3 e6 3. Bf4 d5 4. e3 Bd6 5. Nbd2 0-0 6. Bd3 c5 7. c3 Qc7 8. Bxd6 Qxd6 9. Ne5 Nc6 10. f4 b6 11. 0-0 Bb7 12. Qf3 Ne7 13. g4 Ne8 14. Qh3 f5 15. Ndf3 g6 16. Kh1 cxd4 17. exd4 Nf6 18. Ng5 Kg7 19. Rae1 Bc8 20. Qh4 fxg4 21. Nxg4 Nh5 22. Nxh7 Nf5 23. Bxf5 Rxf5 24. Ne3 Rxf4 25. Rxf4 Qxf4 26. Qe7+ Qf7 27. Qxf7+ Kxf7 28. Ng4 Ke7 29. Ne5 Kd6 30. Ng5 a5 31. Nxg6 Ra7 32. Ne5 Rg7 33. h4 b5 34. Nd3 Ng3+ 35. Kh2 Nf5 36. Nf3 Rh7 37. Kh3 b4 38. Nf4 bxc3 39. bxc3 Nxh4 40. Nxh4 e5+ 41. Kg2 exf4 42. Nf3 Bf5 43. Rh1 Rxh1 44. Kxh1 Be4 45. Kg2 Ke6 46. Kf2 Bxf3 47. Kxf3 Kf5 48. a4 Kg5 49. c4 dxc4 50. d5 Kf5 51. d6 Ke6 52. Kxf4 Kxd6 0-1

[Event "Leer op"]
[Site "Leer"]
[Date "2024.10.31"]
[Round "1"]
[White "Nechitailo, Nikita"]
[Black "Langedijk, Ardjan"]
[Result "1-0"]
[WhiteElo "2220"]
[BlackElo "1998"]
[PlyCount "103"]
[EventDate "2024.10.31"]
[EventType "swiss"]
[EventRounds "7"]
[EventCountry "GER"]
[SourceTitle "CB45_2024"]
[Source "ChessBase"]
[SourceDate "2024.11.06"]
[SourceVersion "1"]
[SourceVersionDate "2024.11.06"]
[SourceQuality "1"]

1. d4 d5 2. c4 e6 3. Nc3 a6 4. cxd5 exd5 5. Nf3 Nf6 6. Bg5 Be6 7. e3 Nbd7 8. Bd3 h6 9. Bf4 g5 10. Be5 g4 11. Bxf6 Qxf6 12. Nd2 c5 13. dxc5 Nxc5 14. Nb3 Rd8 15. Nd4 h5 16. Bc2 Bg7 17. Qe2 Rc8 18. 0-0-0 Ne4 19. Bxe4 dxe4 20. Qc2 0-0 21. Kb1 Rfe8 22. Nxe4 Qe5 23. Nc3 b5 24. a3 Qc5 25. Nxe6 Rxe6 26. Rd5 Qc4 27. Rhd1 b4 28. Rd8+ Re8 29. Rxe8+ Rxe8 30. Nd5 Qxc2+ 31. Kxc2 bxa3 32. bxa3 Rc8+ 33. Kd3 Rb8 34. a4 Rb2 35. Rd2 Rb3+ 36. Kc4 Ra3 37. Kb4 Ra1 38. Ka5 Be5 39. f4 gxf3 40. gxf3 Kf8 41. f4 Bd6 42. e4 f6 43. Re2 h4 44. e5 fxe5 45. fxe5 Be7 46. Re4 h3 47. Kxa6 Ra2 48. e6 Rxh2 49. Rf4+ Ke8 50. Rf7 Bh4 51. Rh7 Rd2 52. Rh8# 1-0